Animal physiology : (Record no. 22959)

MARC details
000 -LEADER
fixed length control field 00905pam a2200265 a 4500
001 - CONTROL NUMBER
control field 2926774
003 - CONTROL NUMBER IDENTIFIER
control field OSt
005 - DATE AND TIME OF LATEST TRANSACTION
control field 20211220160544.0
008 - FIXED-LENGTH DATA ELEMENTS--GENERAL INFORMATION
fixed length control field 890905s1990 enka b 001 0 eng
010 ## - LIBRARY OF CONGRESS CONTROL NUMBER
LC control number 89027257
020 ## - INTERNATIONAL STANDARD BOOK NUMBER
International Standard Book Number 0521381967
040 ## - CATALOGING SOURCE
Original cataloging agency DLC
Transcribing agency HU
Modifying agency DLC
050 00 - LIBRARY OF CONGRESS CALL NUMBER
Classification number QP31.2
Item number .S363 1990
082 00 - DEWEY DECIMAL CLASSIFICATION NUMBER
Classification number 591.1
Edition number 20
100 2# - MAIN ENTRY--PERSONAL NAME
Personal name Schmidt-Nielsen, Knut,
Dates associated with a name 1915-
9 (RLIN) 23584
245 10 - TITLE STATEMENT
Title Animal physiology :
Remainder of title adaptation and environment /
Statement of responsibility, etc. Knut Schmidt-Nielsen.
250 ## - EDITION STATEMENT
Edition statement 4th ed.
260 ## - PUBLICATION, DISTRIBUTION, ETC.
Place of publication, distribution, etc. Cambridge ;
-- New York :
Name of publisher, distributor, etc. Cambridge University Press,
Date of publication, distribution, etc. 1990.
300 ## - PHYSICAL DESCRIPTION
Extent xii, 602 p. :
Other physical details ill. ;
Dimensions 24 cm.
504 ## - BIBLIOGRAPHY, ETC. NOTE
Bibliography, etc. note Includes bibliographical references and index.
650 #0 - SUBJECT ADDED ENTRY--TOPICAL TERM
Topical term or geographic name entry element Physiology.
9 (RLIN) 3297
906 ## - LOCAL DATA ELEMENT F, LDF (RLIN)
a 7
b cbc
c orignew
d 1
e ocip
f 19
g y-gencatlg
942 ## - ADDED ENTRY ELEMENTS (KOHA)
Source of classification or shelving scheme Dewey Decimal Classification
Koha item type Books like text book referance book
Suppress in OPAC No
Holdings
Withdrawn status Lost status Source of classification or shelving scheme Damaged status Not for loan Collection code Home library Current library Shelving location Date acquired Total Checkouts Full call number Barcode Date last seen Copy number Price effective from Koha item type
    Dewey Decimal Classification     Reference Wondo Genet Library Wondo Genet Library General Stacks 12/20/2021   591.1 NIE 1990 WGCFNRL00009403 12/20/2021 1 12/20/2021 Books like text book referance book